000 00457nam a2200181Ia 4500
001 8370
005 20260306160604.0
008 260306t2008||||xx |||||||||||||| ||spa||
041 _aESP
082 _a370.7
_bM12
100 _aMckernan, James
_eAUT
245 0 _aInvestigación-acción y curriculum:
_bmétodos y recursos para profesionales reflexivos
260 _c2008
300 _a
_c
650 _aGEN
654 _aCED
942 _cLIB
_dJUS
_fJUS
_2ddc
_n
999 _c8370
_d8370